Szczegóły MARC21

Transformacja systemowa w Polsce : oceny i perspektywy : materiały z konferencji naukowej zorganizowanej przez Katedrę Gospo darki Regionalnej oraz Katedrę Polityki Ekonomicznej w Krakowie (Kryni ca, 12-13 czerwca 2000 r.) /

005 -DATA I CZAS OSTATNIEJ MODYFIKACJI [,]
    • @
    • pole kontrolne
    • 20070315155141.9
020 -Międzynarod. znormalizowany nr książki - ISBN [ , ]
    • a
    • Numer ISBN
    • 8372521352 Find
040 -Instytucja sporządzająca opis [ , ]
    • a
    • Instytucja, która sporządziła opis (NP)
    • SZCZ U
    • c
    • Instytucja, która sporządziła rekord (NP)
    • SZCZ U
041 -Język dokumentu [0, ]
    • a
    • Język tekstu (P)
    • polski
    • h
    • Język tekstu oryginalnego i/lub pośredniego (P)
    • polski
942 -Rodzaj dokumentu [ , ]
    • c
    • Rodzaj dokumentu
    • Książka
245 -Strefa tytułu i oznaczenia odpowiedzialności [0, ]
    • a
    • Tytuł
    • Transformacja systemowa w Polsce : Find
    • b
    • Ciąg dalszy tytułu (NP)
    • oceny i perspektywy : materiały z konferencji naukowej zorganizowanej przez Katedrę Gospo darki Regionalnej oraz Katedrę Polityki Ekonomicznej w Krakowie (Kryni ca, 12-13 czerwca 2000 r.) / Find
    • c
    • Pozostałe elementy strefy tytułu i oznaczenia odpowiedzialności (NP)
    • Akademia Ekonomiczna w Krakowie ; pod red.Zygmunta Szymli.
260 -Strefa adresu wydawniczego [ , ]
    • a
    • Miejsce wydania (P)
    • Kraków :
    • b
    • Nazwa wydawcy (P)
    • Wydaw.Akad.Ekonom.
    • c
    • Data wydania (P)
    • 2002.
300 -Strefa opisu fizycznego [ , ]
    • a
    • Określenie formy książki i/lub objętość (NP)
    • 379 s. :
    • b
    • Oznaczenie ilustracji (NP)
    • mapki, wykr. :
    • c
    • Format (NP)
    • 24 cm.
500 -Uwaga ogólna [ , ]
    • a
    • Uwaga ogólna (NP)
    • Summ
080 -Uniwersalna Klasyfikacja Dziesiętna [ , ]
    • a
    • Symbol klasyfikacji
    • 338.22(438)"1989/..."(061)
980 -Symbol UKD [ , ]
    • a
    • UKD
    • 338.22(438)"1989/..."(061)
700 -Hasło dodatkowe - nazwa osobowa [ , ]
    • a
    • Nazwa osobowa (NP)
    • Szymla Zygmunt Find
920 -ISBN [ , ]
    • a
    • ISBN
    • 83-7252-135-2 Find
Numer inwentarzowy Status udost. Data inwentaryzacji Lokalizacja
T.7239-22003-02-20T